| 000 | 00669nam a2200229 u 4500 | ||
|---|---|---|---|
| 001 | 000041850 | ||
| 005 | 20200120222400.0 | ||
| 008 | 101102s2008 sp ar 000 0 spa d | ||
| 020 | _a9788496822290 | ||
| 043 | _ae-sp--- | ||
| 090 |
_aAN _bSOTE |
||
| 100 | 1 | _aSotiropulu, Ersi | |
| 245 | 1 | 0 |
_aZigzag entre naranjos amargos / _cErsi Sotiropulu; traducción Julia Osuna Aguilar ... [et al.]. |
| 250 | _a1.a ed. | ||
| 260 |
_aMadrid : _b451 Editores, _c2008. |
||
| 300 | _a220 p. | ||
| 490 | 0 | _a451.http | |
| 650 | 1 | 7 |
_aNovela griega _2lemb |
| 650 | 2 | 7 |
_aLiteratura griega adulto _2lemb |
| 650 | 2 | 7 |
_aAmor en la literatura _2lemb |
| 700 | 1 |
_aOsuna Aguilar, Julia _etr. |
|
| 999 |
_c2575 _d2575 |
||